000 00342nam a2200121Ia 4500
005 20260328104248.0
008 260328s9999||||xx |||||||||||||| ||und||
100 _aDomenico Suazo, M. Haydee di
245 0 _aLa fuente de la Plaza Mayor de Lima 1651-1944 /
_cM. Haydee di Domenico Suazo
260 _bAmericana
650 _aPERÚ
942 _cBK
999 _c10139
_d10139